000 00793nam a2200253Ia 4500
001 40147
003 108693
005 20251029075834.0
008 ||||||n9999 ||| || ||
041 _aspa
100 _aNeira Quintero, Efrain
_956554
245 0 _aDiagnostico administrativo instituto de ciencia y tecnologia de alimentos ICTA- U. Nal.
260 _aBogotá :
_bEscuela Superior de Administración Pública - ESAP,
_c1982.
300 _a101p
500 _aTesis
562 _e1
650 0 _aANÁLISIS ADMINISTRATIVO
_94467
650 _aCOLOMBIA
_956555
650 _aINSTITUTO DE CIENCIA Y TECNOLOGIA DE ALIMENTOS
_956556
650 0 _aTesis y disertaciones académicas
_93
650 _y1982
_956558
653 _aUNIVERSIDAD NACIONAL DE COLOMBIA
942 _cTESIS
999 _c40147
_d40147